Liga Konferencji 25/26 - Statystyki

Ogólne statystyki
  • Ten quiz został rozwiązany 97 razy
  • Średni wynik to 26 z 36
Statystyki odpowiedzi
Kraj Klub % Poprawnych
Polska Jagiellonia Białystok
100%
Polska Lech Poznań
100%
Polska Legia Warszawa
100%
Polska Raków Częstochowa
100%
Czechy Sparta Praga
95%
Hiszpania Rayo Vallecano
93%
Anglia Crystal Palace
92%
Niemcy Mainz
87%
Włochy Fiorentina
85%
Ukraina Dynamo Kijów
83%
Czechy Sigma Ołomuniec
81%
Austria Rapid Wiedeń
80%
Ukraina Szachtar Donieck
80%
Francja Strasbourg
77%
Holandia AZ Alkmaar
76%
Armenia Noah Erywań
76%
Gibraltar Lincoln Red Imps
75%
Cypr Omonia Nikozja
72%
Słowacja Slovan Bratysława
72%
Grecja AEK Ateny
71%
Turcja Samsunspor
71%
Słowenia Celje
68%
Szkocja Aberdeen
67%
Finlandia KuPS
61%
Chorwacja Rijeka
61%
Cypr AEK Larnaka
59%
Islandia Breidablik
57%
Malta Hamrun Spartans
56%
Irlandia Shamrock Rovers
53%
Szwajcaria Lausanne-Sport
49%
Kosowo Drita
45%
Rumunia Universitatea Craiova
45%
Szwecja Hacken
44%
Macedonia Północna Shkendija
43%
Irlandia Shelbourne
41%
Bośnia i Hercegowina Zrinjski Mostar
37%
Nie znaleziono quizów pasujących do podanych kryteriów
Rozkład punktacji
Procent ludzi z każdym wynikiem
Percentyl według liczby udzielonych odpowiedzi
Twoja historia wyników
Nie rozwiązałeś tego quizu